Les pokémons de l'OU 9G - Statistiques

Statistiques générales
  • Ce quiz a été pris 61 fois
    24 depuis la dernière actualisation
  • Le résultat moyen est 33 sur 51
Statistiques - réponses
Type de quiz Réponses % Correct
Feu/Combat(UUBL) Braségali
94%
Dragon/Sol(UUBL) Carchacrok
94%
Dragon/Vol Dracolosse
94%
Eau/Vol(UUBL) Bekipan
89%
Vol/Acier Corvaillus
89%
Tenèbres/Glace Dimoret
89%
Fée/Combat Garde-De-Fer
89%
Dragon/Spectre Lanssorien
89%
Combat/Dragon(UUBL) Ekaiser
83%
Sol/Combat Fort Ivoire
83%
Poison/Spectre Pêchaminus
83%
Roche/Psy(UUBL) Roc de Fer
83%
Sol/Vol Scorvol
83%
Fée/Vol Amovénus
78%
Acier/Psy Chef de Fer
78%
Vol/Electrik Electhor
78%
Roche/Poison Floréclat
78%
Acier/Fée Forgelina
78%
Acier/Spectre Gromago
78%
Acier/Ténèbres Scalpereur
78%
Eau/Dragon Serpente Eau
78%
Eau/Insecte Tarenbulle
78%
Normal/Sol(UUBL) Ursaking
78%
Sol/Vol Démetéros Totemique
72%
Acier/Sol Roue de Fer
72%
Electrik/Dragon Ire-Foudre
67%
Glace/Dragon Kyurem
67%
Combat/Electrik(UUBL) Paume de Fer
67%
Feu/Vol Sulfura
67%
Psy/Dragon(UUBL) Latias
61%
Poison/Combat Félicanis
56%
Roche Gigansel
56%
Fée Mélodelfe
56%
Feu/Poison Mite de Fer
56%
Eau/Fée Oratoria
56%
Eau/Ténèbres Clamiral de Hisui
50%
Ténèbres/Sol Dinglu
50%
Feu/Spectre(UUBL) Malvalame
50%
Psy/Fee Sorcilence
50%
Ténèbres/Vol(UUBL) Sulfura de Galar
50%
Eau Oyacata
44%
Poison/Psy Roigada de Galar
44%
Combat Zamazenta
44%
Feu Pyrobut
39%
Psy/Ténèbres Hoopa Déchaîné
33%
Eau Mamanbo
33%
Eau/Combat Palmaval
33%
Ténèbres Darkrai
28%
Eau/Plante Ogerpon du Puits
28%
Psy Deoxys Vitesse
17%
Spectre Polthégeist
6%
Aucun quiz correspondant
Distribution des résultats
% des personnes avec chaque résultat
Percentile par nombre de réponses
Votre historique - résultats
Vous n’avez pas pris ce quiz depuis la dernière actualisation